00378nam a2200157Ia 45000010006000000050017000060080041000230410008000640820015000721000033000872450047001202600009001673000028001766500008002046540008002121400320260306164842.0260306t2007||||xx |||||||||||||| ||spa|| aESP a005.8bG63 aGómez Vieites, AlvaroeAUT 0aEnciclopedia de la seguridad informática c2007 a696 páginas :c23 cm. aGEN aCCC